Green construction project management and cost oversight (Record no. 111062)

MARC details
000 -LEADER
fixed length control field 02936cad a22002535a 4500
001 - CONTROL NUMBER
control field L150963
008 - FIXED-LENGTH DATA ELEMENTS--GENERAL INFORMATION
fixed length control field 100916s2010 xxk f 000 0 eng d
020 ## - INTERNATIONAL STANDARD BOOK NUMBER
International Standard Book Number 9780080957043
035 ## - SYSTEM CONTROL NUMBER
System control number (Sirsi) u150963
041 0# - LANGUAGE CODE
Language code of text/sound track or separate title eng
050 04 - LIBRARY OF CONGRESS CALL NUMBER
Classification number 690.068 $2 18
100 1# - MAIN ENTRY--PERSONAL NAME
Personal name Kubba, Sam
245 00 - TITLE STATEMENT
Title Green construction project management and cost oversight
Medium [electronic resource]
260 ## - PUBLICATION, DISTRIBUTION, ETC.
Name of publisher, distributor, etc. Architectural Press
Date of publication, distribution, etc. 2010
300 ## - PHYSICAL DESCRIPTION
Extent eBook
505 2# - FORMATTED CONTENTS NOTE
Formatted contents note Green and Sustainability Defined -- Elements Of Green Design And Construction -- Green Project Requirements And Strategies -- 4 Green Construction Cost Monitoring -- How The Consultant Functions In The Requisition Process -- Choosing Materials and Products -- Project Cost Breakdown -- Green Design and Construction Economics -- Understanding Specifications -- Litigation and Liability Issues -- Green Project Commissioning -- Green Business Development
520 ## - SUMMARY, ETC.
Summary, etc. This eBook reference is designed to provide practical guidelines and essential insights in preparing competent and professional looking: Project Analysis Reports, and Project Status Reports. It also provides numerous tips on how to phrase the language of reports in a manner that is articulate and clearly understood by Real Estate Lenders and investors, as well as being an indispensable companion for both information and stimulus. Written in a conversational manner, this book will clarify the nuts and bolts of green construction, finance, and cost monitoring as a profession, and will outline the many attributes required to being successful in this field. Moreover, it will scrutinize the mechanics of organizing monthly meetings, contractor payment certifications, budgets, change orders, construction schedules, code compliance, waivers of lean, and much more. Drawing on over 30 years of personal experience across the world - both as an employee and as an employer, the reader will learn how to plan and implement sound business strategies and form alliances in a global context. The book also offers information into the process of setting up and working as a due-diligence consultant. It will be explained how to identify opportunities for business development and how to maximize return. It will also articulate how to meet new challenges as well as avoid many of the pitfalls along the way. For the individual professional, this guide provides useful information and tips to help secure a high paying professional position. It includes sample letters, reports, forms and agreements for easy reference. It offers practical guidelines for preparing Property Analysis and Property Status Reports. It also includes a glossary of important terms, abbreviations and acronyms.
590 ## - LOCAL NOTE (RLIN)
Local note ka ntk
650 24 - SUBJECT ADDED ENTRY--TOPICAL TERM
Topical term or geographic name entry element EBOOK
651 #4 - SUBJECT ADDED ENTRY--GEOGRAPHIC NAME
Geographic name INTERNATIONAL
690 ## - LOCAL SUBJECT ADDED ENTRY--TOPICAL TERM (OCLC, RLIN)
Topical term or geographic name as entry element Environment
9 (RLIN) 6238
856 48 - ELECTRONIC LOCATION AND ACCESS
Uniform Resource Identifier <a href="https://www.vlebooks.com/">https://www.vlebooks.com/</a>
Public note View on VLEbooks. Logins for members only from [email protected]
942 ## - ADDED ENTRY ELEMENTS (KOHA)
Suppress in OPAC 0
Holdings
Withdrawn status Lost status Source of classification or shelving scheme Damaged status Not for loan Home library Current library Shelving location Date acquired Total Checkouts Full call number Barcode Date last seen Copy number Price effective from Koha item type
    Dewey Decimal Classification     Virtual Virtual Online 16/09/2010   EBOOK 150963-1001 06/08/2019 1 06/08/2019 Book